000 00895nam a2200265Ia 4500
003 OSt
005 20220930093014.0
006 a|||||r|||| 00| 0
007 ta
008 220926b |||||||| |||| 00| 0 eng d
024 _a28331
037 _cTheses
040 _aCRL
_cCRL
_beng
041 _2eng
_aeng
100 _aArora Shivi
_9550333
110 _aUniversity of Delhi. Faculty of Arts. Department of Psychology
_9169788
245 0 _aStudy of physical function, social support, stress & coping strategies of institutionalised & non - institutionalised elderly
260 _c2014
650 _aPSYCHOLOGY
700 _a Dr. Suneet Verma Gu.
700 _a Prof. Aruna Broota Gu.
700 _aUniversity of Delhi. Faculty of Arts. Department of Psychology
_9169789
942 _cDIS
_2CC
999 _c884658
_d884658